00587 2200205 4500001002100000005001500021035002000036007000300056008003900059020001900098082000800117084001400125100001700139245009500156250001300251260004100264300003900305504002000344990001700364INLIS00000000000072320180830021650 a0010-0118000175ta180830 | | |  a978602966630-0 a813 a813 ADI c0 aAditya Mulya1 aCatatan Mahasiswa Gila! :bKumpulan blog post thn 2002-2005 /cAditya Mulya; Teuku Chairul aCet.1.-- aJakarta :bMahaka Publishing,c2011. ax+181 hlm. :bilus. ;c13 x 19 cm. aTentang Penulis a862/P/S/2013